| 000 | 00922nam a22002417a 4500 | ||
|---|---|---|---|
| 999 |
_c13778 _d13778 |
||
| 003 | AR-CdUCM | ||
| 008 | 190416b ||||| |||| 00| 0 spa d | ||
| 040 |
_aMUNICIPALIDAD PROVINCIAL DEL CUSCO _cBIBLIOTECA MUNICIPAL DEL CUSCO |
||
| 082 |
_a869.56 / _bA69 / 1956 |
||
| 100 |
_aArguedas, José María _9790 |
||
| 245 |
_aPúquio, una cultura en proceso de cambio / _cJosé María Arguedas |
||
| 260 |
_aLima : _bCIP, _c1956. |
||
| 300 |
_a53 páginas. : _bIlustraciones ; _c25 cm. |
||
| 500 | _aSeparata de la revista del Museo Nacional tomo XXV. | ||
| 505 | _aContenido: Los agentes de cambios y la composición social -- Los antiguos dioses -- La leyenda de los Wachoq -- El culto a los Wamanis y el agua ... | ||
| 650 |
_aPúquio _932334 |
||
| 650 |
_aHistoria _946944 |
||
| 650 |
_aFolklore _946945 |
||
| 650 |
_aApurímac _91025 |
||
| 650 |
_aLiteratura _983 |
||
| 942 |
_2ddc _cLIBROS |
||
| 945 |
_arah _d16/04/2019 |
||